Manual de enfermería pediátrica : (Record no. 35792)
[ view plain ]
| 000 -CABECERA | |
|---|---|
| campo de control de longitud fija | 00940nam a2200205 a 4500 |
| 001 - NÚMERO DE CONTROL | |
| campo de control | 000036301 |
| 005 - FECHA Y HORA DE LA ÚLTIMA TRANSACCIÓN | |
| campo de control | 20200930075645.0 |
| 008 - DATOS DE LONGITUD FIJA--INFORMACIÓN GENERAL | |
| campo de control de longitud fija | 120112s1988 sp 000 0 spa d |
| 020 ## - NÚMERO INTERNACIONAL ESTÁNDAR DEL LIBRO | |
| Número Internacional Estándar del Libro | 8434526441 |
| 040 ## - FUENTE DE LA CATALOGACIÓN | |
| Centro catalogador/agencia de origen | DO-SdBNP |
| Lengua de catalogación | spa |
| Centro/agencia transcriptor | BNPHU |
| 082 ## - NÚMERO DE LA CLASIFICACIÓN DECIMAL DEWEY | |
| Número de clasificación | xxxx |
| Número de documento/Ítem | M294 |
| 240 00 - TÍTULO UNIFORME | |
| Título uniforme | Manual of pediatric nursing careplans careplans del depatament of nursing del hospital for sick children |
| Lenguaje de la obra | español |
| 245 00 - MENCIÓN DE TÍTULO | |
| Título | Manual de enfermería pediátrica : |
| Resto del título | protocolos de asistencia, departamento de enfermería, del hospital for sick children, Toronto, Canadá / |
| Mención de responsabilidad, etc. | dirigido por Voirrey Broe; traducción Xavier Allué Martínez ; revisión científica Alvaro Agustí García-Navarro. |
| 260 ## - PUBLICACIÓN, DISTRIBUCIÓN, ETC. | |
| Lugar de publicación, distribución, etc. | Barcelona, España : |
| Nombre del editor, distribuidor, etc. | Salvat Editores, |
| Fecha de publicación, distribución, etc. | 1988. |
| 300 ## - DESCRIPCIÓN FÍSICA | |
| Extensión | 417 p. ; |
| Dimensiones | 31 cm. |
| 500 ## - NOTA GENERAL | |
| Nota general | Traducido del inglés |
| 700 1# - PUNTO DE ACCESO ADICIONAL--NOMBRE DE PERSONA | |
| Nombre de persona | Broe, Voirrey. |
| 9 (RLIN) | 62439 |
| 700 1# - PUNTO DE ACCESO ADICIONAL--NOMBRE DE PERSONA | |
| Nombre de persona | Allué Martínez, Xavier, |
| Término indicativo de función/relación | tr. |
| 9 (RLIN) | 62440 |
| 700 1# - PUNTO DE ACCESO ADICIONAL--NOMBRE DE PERSONA | |
| Nombre de persona | Agustí García-Navarro, Alvaro |
| 9 (RLIN) | 62441 |
| Estado de retiro | Estado de pérdida | Restricciones de uso | No para préstamo | Código de colección | Localización permanente | Ubicación/localización actual | Ubicación en estantería | Fecha de adquisición | Número de inventario | Total de préstamos | Signatura topográfica completa | Código de barras | Fecha visto por última vez | Precio válido a partir de | Tipo de ítem Koha |
|---|---|---|---|---|---|---|---|---|---|---|---|---|---|---|---|
| Excluido de préstamo | Monografías: Libros y Folletos | General | General | En catalogación | 12.01.2012 | LF1 | xxxx M294 | 36302-10 | 25.06.2020 | 25.06.2020 | No se presta |
